Online
Catalog

La revolución inconclusa : (Record no. 34910)

MARC details
000 -CABECERA
campo de control de longitud fija 00730nam a2200181 a 4500
001 - NÚMERO DE CONTROL
campo de control 000035419
005 - FECHA Y HORA DE LA ÚLTIMA TRANSACCIÓN
campo de control 20240502103719.0
008 - DATOS DE LONGITUD FIJA--INFORMACIÓN GENERAL
campo de control de longitud fija 111031s1967 mx 000 0 spa d
040 ## - FUENTE DE LA CATALOGACIÓN
Centro catalogador/agencia de origen DO-SdBNP
Lengua de catalogación spa
Centro/agencia transcriptor BNPHU
082 ## - NÚMERO DE LA CLASIFICACIÓN DECIMAL DEWEY
Número de clasificación xxx
Número de documento/Ítem D486r
100 1# - ENTRADA PRINCIPAL--NOMBRE DE PERSONA
Nombre de persona Deutscher, Isaac,
Fechas asociadas al nombre 1907-1967
9 (RLIN) 61252
240 13 - TÍTULO UNIFORME
Título uniforme The unfinish revolution. Rusia, 1971-1967
Lenguaje de la obra Español
245 13 - MENCIÓN DE TÍTULO
Título La revolución inconclusa :
Resto del título 50 años de historia soviética /
Mención de responsabilidad, etc. Isaac Deutscher.
260 ## - PUBLICACIÓN, DISTRIBUCIÓN, ETC.
Lugar de publicación, distribución, etc. México :
Nombre del editor, distribuidor, etc. Ediciones Era,
Fecha de publicación, distribución, etc. 1967.
300 ## - DESCRIPCIÓN FÍSICA
Extensión 132 p. ;
Dimensiones 20 cm.
500 ## - NOTA GENERAL
Nota general Conferencias "George Macaulay Trevelyan" Pronunciadas en la Universidad de Cambridge enero/marzo de 1967
590 ## - NOTA LOCAL (RLIN)
Nota local Perteneció a la biblioteca personal de Juan Isidro Jimenes Grullón.
Holdings
Estado de retiro Estado de pérdida Restricciones de uso No para préstamo Código de colección Localización permanente Ubicación/localización actual Ubicación en estantería Fecha de adquisición Número de inventario Total de préstamos Signatura topográfica completa Código de barras Fecha visto por última vez Precio válido a partir de Tipo de ítem Koha Nota pública
      Excluido de préstamo Monografías: Libros y Folletos General General En catalogación 31.10.2011 LF1   xxx D486r 35419-10 25.06.2020 25.06.2020 No se presta Perteneció a la biblioteca personal de Juan Isidro Jimenes- Grullón

Powered by Koha